Central Library and Information Centre
Sibsagar Girls' College, Sivasagar : Assam

SREE SREE SANKAR & SREE SREE MADHAV BIRACHITA "KIRTAN GHOSHA ARU NAAM GHOSA (Record no. 16933)

MARC details
000 -LEADER
fixed length control field 00509cam a2200193ua 4500
008 - FIXED-LENGTH DATA ELEMENTS--GENERAL INFORMATION
fixed length control field 141231n2009 II |||gr||||Z||||||asm
040 ## - CATALOGING SOURCE
Original cataloging agency MAIN
041 ## - LANGUAGE CODE
-- English
082 ## - DEWEY DECIMAL CLASSIFICATION NUMBER
Classification number 294.592 6 sre
082 ## - DEWEY DECIMAL CLASSIFICATION NUMBER
Classification number 294.592 6 SRE
100 ## - MAIN ENTRY--PERSONAL NAME
Personal name SREE SHANKARDEV .
245 ## - TITLE STATEMENT
Title SREE SREE SANKAR & SREE SREE MADHAV BIRACHITA "KIRTAN GHOSHA ARU NAAM GHOSA
260 ## - PUBLICATION, DISTRIBUTION, ETC.
Place of publication, distribution, etc. GUWAHATI
Name of publisher, distributor, etc. BANI MANDIR
Date of publication, distribution, etc. 2009
300 ## - PHYSICAL DESCRIPTION
Extent 251:
Dimensions 20CM.
700 ## - ADDED ENTRY--PERSONAL NAME
Personal name SREE MADHAVDEV .
942 ## - ADDED ENTRY ELEMENTS (KOHA)
Koha item type Books
653 ## - INDEX TERM--UNCONTROLLED
Uncontrolled term DHARMASASTRA
Holdings
Withdrawn status Lost status Damaged status Not for loan Collection code Home library Current library Shelving location Date acquired Full call number Barcode Date last seen Copy number Price effective from Koha item type
        TBCHE Central Library and Information Centre Sibsagar Girls College Central Library and Information Centre Sibsagar Girls College Location Not Found 12.11.2010 294.592 6 sre 25849 27.02.2020 1 27.02.2020 Books
        TBCHE Central Library and Information Centre Sibsagar Girls College Central Library and Information Centre Sibsagar Girls College Location Not Found 12.11.2010 294.592 6 SRE 25850 27.02.2020 2 27.02.2020 Books


Sibsagar Girl's College © 2020. All rights reserved.
Powered by Koha.
Maintained by Abhijit Borpuzari.